000 00339 a2200145 4500
001 151365
040 _cEscola São Tomás de Aquino
100 _aIACOCCA, Liliana
240 1 0 _aCristóvão e o pescador
_lpor
245 1 0 _aCristóvão e o pescador
300 _a48
440 1 _aModerna
697 _a*LITERATURA INFANTO
942 _cBK
999 _c151365
_d151365